Depression : (Record no. 1188)

MARC details
000 -LEADER
fixed length control field 00726nam a22002297a 4500
005 - DATE AND TIME OF LATEST TRANSACTION
control field 20260322212050.0
008 - FIXED-LENGTH DATA ELEMENTS--GENERAL INFORMATION
fixed length control field data
010 ## - LIBRARY OF CONGRESS CONTROL NUMBER
LC control number 75037679
020 ## - INTERNATIONAL STANDARD BOOK NUMBER
International Standard Book Number 0470013753
020 ## - INTERNATIONAL STANDARD BOOK NUMBER
International Standard Book Number 9780470013755
050 0# - LIBRARY OF CONGRESS CALL NUMBER
Classification number RC537
Item number .D4276
060 ## - NATIONAL LIBRARY OF MEDICINE CALL NUMBER
Classification number WM170 D424 1974
001 - CONTROL NUMBER
control field data
245 10 - TITLE STATEMENT
Title Depression :
Remainder of title behavioral, biochemical, diagnostic, and treatment
Statement of responsibility, etc. Donald M. Gallant & George M. Simpson.
260 ## - PUBLICATION, DISTRIBUTION, ETC.
Place of publication, distribution, etc. New York :
Name of publisher, distributor, etc. SP books division of Spectrum Publications :
300 ## - PHYSICAL DESCRIPTION
Extent 351 p. :
Other physical details ill. ;
Dimensions 24 cm.
504 ## - BIBLIOGRAPHY, ETC. NOTE
Bibliography, etc. note Includes bibliographical references and index.
590 ## - LOCAL NOTE (RLIN)
Local note Includes bibliographies and index.
650 #0 - SUBJECT ADDED ENTRY--TOPICAL TERM
Topical term or geographic name entry element Depression, Mental.
700 1# - ADDED ENTRY--PERSONAL NAME
Personal name Gallant, Donald M.,
Dates associated with a name 1929-
700 1# - ADDED ENTRY--PERSONAL NAME
Personal name Simpson, George M.
Holdings
Withdrawn status Lost status Damaged status Not for loan Home library Current library Shelving location Date acquired Total checkouts Full call number Barcode Date last seen Price effective from Koha item type
        Franklin Franklin General stacks 22/03/2026   RC537 .D4276 BC0011227 22/03/2026 22/03/2026 Books